000 00578cam a22002053a 4500
001 39213
003 PGUSA
005 20140828083854.0
008 120320s2012||||xxu|||||s|||||000 | eng d
040 _aPGUSA
_beng
042 _adc
100 1 _aKey, Ellen,
_d1849-1926
245 1 0 _aSkönhet för alla :
_bFyra uppsatser
_h[electronic resource] /
_cEllen Key
260 _bProject Gutenberg,
_c2012
506 _aPublic domain in the USA.
516 _aElectronic text
830 0 _aProject Gutenberg
_v39213
856 4 0 _uhttp://www.gutenberg.org/ebooks/39213
942 _cEB
999 _c268466
_d268466